Ευρωπαϊκή Ένωση / Θεσμοί και Πολιτικές (Record no. 3826)
[ view plain ]
| 000 -LEADER | |
|---|---|
| fixed length control field | 01232cam a22002054a 4500 |
| 005 - ΗΜΕΡΟΜΗΝΙΑ ΚΑΙ ΩΡΑ ΤΕΛΕΥΤΑΙΑΣ ΕΝΗΜΕΡΩΣΗΣ | |
| Πεδίο ελέγχου | 20250605164126.0 |
| 008 - FIXED-LENGTH DATA ELEMENTS--GENERAL INFORMATION | |
| Πεδίο ελέγχου σταθερού μήκους | 250528s ||||||||||||||||||||||||d |
| 035 ## - SYSTEM CONTROL NUMBER | |
| System control number | 18465 |
| 020 ## - ISBN | |
| ISBN | 9600209944 |
| 040 ## - ΠΗΓΗ ΚΑΤΑΛΟΓΟΓΡΑΦΗΣΗΣ | |
| Φορέας πρωτότυπης καταλογογράφησης | MC Athens Campus Library |
| Γλώσσα καταλογογράφησης | Ελληνικά, Μοντέρνα (1453-) |
| Modifying agency | MC Athens Campus Library |
| Κανόνες περιγραφικής καταλογογράφησης | AACR2 |
| 245 1# - ΤΙΤΛΟΣ ΚΑΙ ΔΗΛΩΣΗ ΥΠΕΥΘΥΝΟΤΗΤΑΣ | |
| Τίτλος | Ευρωπαϊκή Ένωση / Θεσμοί και Πολιτικές |
| 250 ## - EDITION STATEMENT | |
| Edition statement | 4η |
| 260 ## - PUBLICATION, DISTRIBUTION, ETC. | |
| Name of publisher, distributor, etc. | Παπαζήση, |
| Date of publication, distribution, etc. | 1995 |
| 300 ## - PHYSICAL DESCRIPTION | |
| Extent | 624 |
| 520 ## - SUMMARY, ETC. | |
| Summary, etc. | Το μόνο βιβλίο που παρουσιάζει μια ολοκληρωμένη ανάλυση όλων των κοινοτικών πολιτικών. Εισαγωγή, Τελωνιακή Ένωση, Κοινή Αγορά, Οικονομική και Νομισματική Ένωση, Περιφερειακή Ανάπτυξη, Κοινωνική Πρόοδος, Φορολογία, Ανταγωνισμός, Περιβάλλον, Βιομηχανία, Έρευνα, Ενέργεια, Μεταφορές, Γεωργία, Αλιεία, Η Κοινότητα και ο Πολίτης, Η Ευρωπαϊκή Ένωση στον Κόσμο, Απολογισμός και Προοπτικές. |
| 700 1# - ΠΡΟΣΘΕΤΗ ΑΝΑΓΡΑΦΗ--ΦΥΣΙΚΟ ΠΡΟΣΩΠΟ | |
| Personal name | Μούσης Νίκος Σ |
| 9 (RLIN) | 4724 |
| 942 ## - ADDED ENTRY ELEMENTS (KOHA) | |
| Koha item type | Books |
| Τύπος τεκμηρίου | Βιβλιοθήκη | Τρέχουσα τοποθεσία | Barcode | Αριθμός εισαγωγής | Ημερομηνία απόκτησης | Ταξιθετικό σύμβολο | Αριθμός αντιτύπου | Κατάσταση απόσυρσης | Κατάσταση χαμένου | Κατάσταση κατεστραμμένου | Μη δανεισμός | Σύνολο δανεισμών | Ημερομηνία τελευταίας εμφάνισης | Η τιμή ισχύει από |
|---|---|---|---|---|---|---|---|---|---|---|---|---|---|---|
| Books | MC Athens Campus Library | MC Athens Campus Library | 9780000038258 | 3157 | 05/06/2025 | 341.2422 MOU | 1 | 05/06/2025 | 05/06/2025 |